书目信息 |
| 题名: |
就业与创业指导
|
|
| 作者: | 高居红 主编 | |
| 分册: | ||
| 出版信息: | 北京 电子工业出版社 2008 |
|
| 页数: | 183页 | |
| 开本: | 26cm | |
| 丛书名: | ||
| 单 册: | ||
| 中图分类: | G718.2 | |
| 科图分类: | ||
| 主题词: | 就业--职业高中--教材 , 创造教育--职业高中--教材 , 就业 , 创造教育 | |
| 电子资源: | ||
| ISBN: | 978-7-121-04393-2 | |
| 000 | 00831nam0 2200265 450 | |
| 001 | 1238167172 | |
| 005 | 20121007103649.62 | |
| 010 | @a978-7-121-04393-2@dCNY18.00 | |
| 100 | @a20090107d2008 em y0chiy50 ea | |
| 101 | 0 | @achi |
| 102 | @aCN@b110000 | |
| 105 | @aa z 000yy | |
| 200 | 1 | @a就业与创业指导@Ajiu ye yu chuang ye zhi dao@f高居红主编 |
| 210 | @a北京@c电子工业出版社@d2008 | |
| 215 | @a183页@c图@d26cm | |
| 300 | @a中等职业学校公共课教学用书 | |
| 330 | @a本书内容包括规划我的未来、为我的未来准备、掌握打开职业之门的钥匙、做合格的职业人、开创美好的未来等。 | |
| 606 | 0 | @a就业@x职业高中@j教材 |
| 606 | 0 | @a创造教育@x职业高中@j教材 |
| 606 | 0 | @a就业 |
| 606 | 0 | @a创造教育 |
| 690 | @aG718.2@v4 | |
| 701 | 0 | @a高居红@Agao ju hong@c(家政)@4主编 |
| 801 | 0 | @aCN@bNLC@c20101222 |
| 905 | @a10447@dG718.2@eJY161 | |
| 就业与创业指导/高居红主编.-北京:电子工业出版社,2008 |
| 183页:图;26cm |
| 中等职业学校公共课教学用书 |
| ISBN 978-7-121-04393-2:CNY18.00 |
| 本书内容包括规划我的未来、为我的未来准备、掌握打开职业之门的钥匙、做合格的职业人、开创美好的未来等。 |
| ● |
| 相关链接 |
|
|
|
|
正题名:就业与创业指导
索取号:G718.2/JY161
 
预约/预借
| 序号 | 登录号 | 条形码 | 馆藏地/架位号 | 状态 | 备注 |
| 1 | 7828377 | 278283778 | 学院路分馆/ [索取号:G718.2/JY161] | 在馆 | |
| 2 | 7828378 | 278283787 | 学院路分馆/ [索取号:G718.2/JY161] | 在馆 | |
| 3 | 7828379 | 278283796 | 学院路分馆/ [索取号:G718.2/JY161] | 在馆 | |
| 4 | 7828380 | 278283803 | 学院路分馆/ [索取号:G718.2/JY161] | 在馆 |